Význam cloudcomputingu, jeho výhody a nevýhody

Pojem a vlastnosti cloud computingu. Výhody cloud computingu. Fungovanie cloud computingu.

Na minha lista:
Detalhes bibliográficos
Autor principal: Hallová, Marcela
Outros Autores: Fandel, Ivo
Formato: Capítulo de Livro
Idioma:eslovaco
Assuntos:
Tags: Adicionar Tag
Sem tags, seja o primeiro a adicionar uma tag!

MARC

LEADER 00000naa a2200000 4500
001 0178606
005 20231013085236.5
041 0 |a slo 
044 |a SK 
245 1 0 |a Význam cloudcomputingu, jeho výhody a nevýhody  |c Marcela Hallová, Ivo Fandel 
520 |a Pojem a vlastnosti cloud computingu. Výhody cloud computingu. Fungovanie cloud computingu. 
610 2 0 |a cloud computing 
610 2 0 |a služby elektronické 
610 2 0 |a služby informačné 
610 2 0 |a systémy informačné 
610 2 0 |a technológie informačné 
610 2 0 |a technológie komunikačné 
100 1 |a Hallová, Marcela 
700 1 |a Fandel, Ivo